000 00629nac a22001811u 4500
020 _a013201985x
082 _a690.21
_bC4711
090 _c3454
_d3454
100 _aChudley, R.
245 _aAdvanced construction technology
_cRoy Chudley and Roger Greeno
250 _a4 th. ed.
260 _aHarlow :
_bLongman, 1999
_cc1999.
300 _av, 632 p.
_bill;
_c25 cm.
650 _aBuilding.
700 _aGreeno, Roger
942 _cBB
_k690.21C4711
999 _c3454
_d3454